| 000 | 00638nam a2200205 a 4500 | ||
|---|---|---|---|
| 005 | 20140310183336.0 | ||
| 008 | 060922s19uu xx 00 eng d | ||
| 020 | _a0131140892 | ||
| 050 |
_aPE 1475 _b.H65 2005 |
||
| 100 | _aHolloway, Brian R. | ||
| 245 |
_aTechnical writing basics: _ba guide to style and form. |
||
| 250 | _a3rd ed. | ||
| 260 |
_aNew Jersey : _bPearson Prentice Hall, _c2005. |
||
| 300 |
_a216 p. : _bill. ; _c24 cm. |
||
| 521 | _aEDU | ||
| 650 |
_aEnglish language _xTechnical English _xHandbooks, manuals, etc. |
||
| 650 |
_aTechnical writing _xHandbooks, manuals, etc. |
||
| 942 |
_cBK _2lcc _kFOR |
||
| 999 |
_c21687 _d21687 |
||